00329nam a2200121Ia 4500008004100000041000800041082001200049100002000061245004500081260004200126300003000168365000900198240624s9999 xx 000 0 und d aeng a332 STE aSTEPHENS JOHN J aMANAGING INTEREST RATE RISK USING FINANC c2002aNew JerseybJohn Wiley and Sons axv, : 184 : p. : cm. ; 25 cb30